| 000 | 00369 a2200121 4500 | ||
|---|---|---|---|
| 001 | ART_14683 | ||
| 005 | 20260410161913.0 | ||
| 008 | 260409a | ||
| 245 | 1 | 0 | _aThe apportionment problem and the European Parliament |
| 100 | 1 | _aTheil, Henri | |
| 700 | 1 | _aSchrage, Linus | |
| 773 | 0 |
_tEuropean economic review _g- Vol. 9, NÂș 3 (ago. 1977) _wREV13346 |
|
| 999 |
_c26983 _d26983 |
||